| 000 | 00000nam 2200000zi 4500 |
| 001 | 9.915970 |
| 003 | CaOODSP |
| 005 | 20231003131907 |
| 006 | m o d f |
| 007 | cr mn||||||||| |
| 008 | 221005t20222022onca o f000 0 eng d |
| 020 | |a9780660457208 |
| 040 | |aCaOODSP|beng|erda|cCaOODSP |
| 043 | |an-cn--- |
| 086 | 1 |aM4-228/2022E-PDF |
| 245 | 00|aCanada's SMR action plan progress update / |cSMR Action Plan Leadership Table, Natural Resources Canada. |
| 264 | 1|a[Ottawa] : |bNatural Resources Canada = Ressources naturelles Canada, |c2022. |
| 264 | 4|c©2022 |
| 300 | |a1 online resource (43 pages) : |bcolour illustration |
| 336 | |atext|btxt|2rdacontent |
| 337 | |acomputer|bc|2rdamedia |
| 338 | |aonline resource|bcr|2rdacarrier |
| 500 | |aIssued also in French under title: Plan d'action du Canada des PRM : mise à jour sur les progrès. |
| 500 | |aOn cover: Canada's small modular reactor smr action plan. |
| 500 | |a"October 2022." |
| 500 | |a"John F. G. Hannaford, Chair, SMR Action Plan Leadership Table"--Page 3. |
| 650 | 0|aNuclear reactors|xTechnological innovations|xGovernment policy|zCanada. |
| 650 | 0|aNuclear energy|xGovernment policy|zCanada. |
| 650 | 0|aClean energy|xGovernment policy|zCanada. |
| 700 | 1 |aHannaford, John F. G. |
| 710 | 1 |aCanada. |bNatural Resources Canada, |eissuing body. |
| 775 | 08|tPlan d'action du Canada des PRM : |w(CaOODSP)9.915971 |
| 856 | 40|qPDF|s1.10 MB|uhttps://publications.gc.ca/collections/collection_2023/rncan-nrcan/M4-228-2022-eng.pdf |